Statistics for U.S. States that Border Tennessee

Click here to take the quiz!

General Stats

  • This quiz has been taken 16,244 times
  • The average score is 7 of 8

Answers on the Map

Answers color-coded by a green-red scale on the quiz's map according to % correct below.
Loading ...
 

Answer Stats

State% Correct
Kentucky
95%
Alabama
94%
Georgia
93%
Mississippi
91%
North Carolina
89%
Arkansas
88%
Virginia
88%
Missouri
86%

Score Distribution

Percentile by Number Answered

Percent of People with Each Score

Your Score History

You have not taken this quiz